|
|
|
|
| LEADER |
00000nab a2200000 a 4500 |
| 001 |
vtls000547787 |
| 003 |
SK-MaSNL |
| 005 |
20260304101909.0 |
| 008 |
250425c1995 xo 0 slo |
| 015 |
|
|
|a SNBRB19rr/mm-uuuuu
|
| 035 |
|
|
|a CL0547925
|
| 035 |
|
|
|a urn:nbn:sk:snk-ab7jbo
|
| 035 |
|
|
|a (urnnbn)urn:nbn:sk:snk:ar-005yc6
|
| 035 |
|
|
|a (uuid)aa12e9d1-42ce-4c3e-b9c4-7d9017299095
|
| 040 |
|
|
|a SNKBUCL
|b slo
|c SNKBUCL
|e AACR2
|
| 041 |
0 |
|
|a slo
|
| 044 |
|
|
|a xo
|c SK
|
| 080 |
|
|
|a 378.662(437.6):378.147:331.57
|2 1981
|
| 080 |
|
|
|a 378.147
|2 1981
|
| 080 |
|
|
|a 331.57
|2 1981
|
| 100 |
1 |
|
|a Smrček, Juraj,
|d 1942-
|4 aut
|9 222013
|
| 245 |
1 |
0 |
|a Vysokoškolské štúdium a adaptačný proces absolventa
|c Juraj Smrček, Jaroslav Zamborský, Jozef Novák-Marcinčin
|
| 300 |
|
|
|b Res. angl.,rus., lit. 7 zázn. v angl., slov.
|
| 610 |
2 |
7 |
|a Technická univerzita v Košiciach.
|b Strojnícka fakulta
|2 snkbucl
|9 178287
|
| 650 |
0 |
7 |
|a absolventi vysokých škôl
|2 snkbucl
|9 2784
|
| 655 |
|
7 |
|a články z novín a časopisov
|2 snkbucl
|9 267496
|
| 700 |
1 |
|
|a Zamborský, Jaroslav
|4 aut
|9 514179
|
| 700 |
1 |
|
|a Novák-Marcinčin, Jozef,
|d 1964-2014
|4 aut
|9 112709
|
| 773 |
0 |
|
|t Pedagogická revue
|g Roč. 47, č. 3-4 (1995), s. 82-87
|
| 850 |
|
|
|a Slovenská národná knižnica
|
| 852 |
|
|
|a Slovenská národná knižnica
|
| 954 |
|
|
|a odborná, vedecká literatúra pôvodná (slovenská)
|2 lita
|
| 958 |
|
|
|a article7
|
| 958 |
|
|
|a NB
|
| 958 |
|
|
|a RK
|
| 958 |
|
|
|a OND
|
| 958 |
|
|
|a EUIPO
|
| 992 |
|
|
|a RBX
|
| 999 |
|
|
|c 2843113
|d 2845043
|